Les politiques de développement

Uloženo v:
Podrobná bibliografie
Hlavní autor: Hla Myint, U. (auteur)
Médium: Kniha
Jazyk:francouzština
Vydáno: París Ouvrières 1966
Edice:Développement et Civilisations
Témata:
Tagy: Přidat tag
Žádné tagy, Buďte první, kdo vytvoří štítek k tomuto záznamu!

MARC

LEADER 00000nam a2200000 a 4500
001 UCQ1224
003 CL-VaPUC
008 980709e19660000FR |||||||||||||||||fre|d
082 0 4 |a 338.9  |b MYI  |2 21 
100 |a Hla Myint, U.  |e auteur  |9 414929 
245 1 4 |a Les politiques de développement 
300 |a 175 p 
942 |c BK 
945 |d 19980709 00:00:00  |a crobeson 
260 |a París  |b Ouvrières  |c 1966 
650 7 |a POLITICA DE DESARROLLO  |2 CL-VaPUC  |9 335853 
650 0 |a Países en desarrollo  |9 259663 
650 0 |a Desarrollo económico y social   |9 256320 
650 0 |a Crecimiento económico   |9 314037 
650 0 |a Teoría económica  |9 315055 
583 |a last modification  |c 19980709 00:00:00  |k Rodrigo Vera 
490 0 |a Développement et Civilisations 
999 |c 272228  |d 272226